| 000 | 00429 a2200157 4500 | ||
|---|---|---|---|
| 001 | 176529 | ||
| 020 | _a | ||
| 040 | _cMagnum | ||
| 100 | _aJacomini, Marcia Aparecida | ||
| 240 | 1 | 0 |
_aGuerra da bosnia: restauracao capitalista num mundo globalizado _lpor |
| 245 | 1 | 0 | _aGuerra da bosnia: restauracao capitalista num mundo globalizado |
| 362 | 0 | _a1899 | |
| 440 | 1 | _aModerna | |
| 697 | _aMAGNITO: HISTORIA GERAL | ||
| 942 | _cBK | ||
| 999 |
_c176529 _d176529 |
||